[Event "Benidorm op-B"]
[Site "Benidorm"]
[Date "2022.12.08"]
[Round "6"]
[White "Prieto, Alberto"]
[Black "Garcia Bueno, Juan Pablo"]
[Result "1-0"]
[WhiteElo "1886"]
[BlackElo "1788"]
[PlyCount "51"]
[EventDate "2022.12.03"]
[EventType "swiss"]
[EventRounds "9"]
[EventCountry "ESP"]
[SourceTitle "CBM 212 Extra"]
[Source "ChessBase"]
[SourceDate "2023.03.31"]
[SourceVersion "1"]
[SourceVersionDate "2023.03.31"]
[SourceQuality "1"]

1. h3 d5 2. d4 Nf6 3. Nf3 g6 4. Bf4 Bg7 5. e3 0-0 6. c4 c5 7. Nc3 cxd4 8. exd4 Nc6 9. c5 b6 10. Bb5 Bb7 11. Qa4 Qc8 12. Ne5 Nxe5 13. dxe5 a6 14. c6 axb5 15. cxb7 Qxb7 16. Qxb5 Ra5 17. Qd3 Nd7 18. b4 Ra3 19. Qd4 Rxc3 20. Qxc3 Rc8 21. Qe3 Nxe5 22. Bxe5 Rc4 23. f3 d4 24. Qd3 Qd5 25. Bxg7 Rc3 26. Qxd4 1-0

[Event "Reykjavik op"]
[Site "Reykjavik"]
[Date "2017.04.20"]
[Round "3"]
[White "Prieto, Alberto"]
[Black "Gislason, Gudmundur"]
[Result "0-1"]
[WhiteElo "1999"]
[BlackElo "2314"]
[PlyCount "64"]
[EventDate "2017.04.19"]
[EventType "swiss"]
[EventRounds "10"]
[EventCountry "ISL"]
[SourceTitle "CBM 178 Extra"]
[Source "ChessBase"]
[SourceDate "2017.06.22"]
[SourceVersion "1"]
[SourceVersionDate "2017.06.22"]
[SourceQuality "1"]

1. d4 g6 2. Nf3 Bg7 3. c4 Nf6 4. Nc3 0-0 5. e4 d6 6. Be2 c5 7. 0-0 cxd4 8. Nxd4 Nc6 9. Be3 Bd7 10. h3 Rc8 11. Qd2 a6 12. Rac1 b5 13. cxb5 Nxd4 14. Bxd4 axb5 15. Qe3 Qa5 16. a3 e5 17. Bb6 Qa8 18. Rfd1 Bc6 19. Rxd6 Nxe4 20. Nxe4 Bxe4 21. f3 Bc6 22. Qb3 e4 23. Bd4 Bd5 24. Rxc8 Bxd4+ 25. Kh1 Rxc8 26. Rxd5 Rc1+ 27. Kh2 Bg1+ 28. Kg3 Qa7 29. Bd1 Qf2+ 30. Kf4 Bh2+ 31. Kxe4 Qe1+ 32. Qe3 f5+ 0-1

[Event "Reykjavik op"]
[Site "Reykjavik"]
[Date "2015.03.14"]
[Round "6"]
[White "Haldorsen, Benjamin"]
[Black "Prieto, Alberto"]
[Result "1/2-1/2"]
[WhiteElo "2307"]
[BlackElo "2045"]
[PlyCount "96"]
[EventDate "2015.03.10"]
[EventType "swiss"]
[EventRounds "10"]
[EventCountry "ISL"]
[SourceTitle "CBM 165 Extra"]
[Source "ChessBase"]
[SourceDate "2015.04.21"]
[SourceVersion "1"]
[SourceVersionDate "2015.04.21"]
[SourceQuality "1"]

1. e4 e5 2. Nf3 Nc6 3. Bb5 Nd4 4. Nxd4 exd4 5. 0-0 h5 6. c3 Bc5 7. b4 Bb6 8. Bb2 c6 9. Bc4 d5 10. exd5 cxd5 11. Bb5+ Kf8 12. cxd4 Qh4 13. Qe2 Be6 14. Nc3 Nf6 15. Na4 Ng4 16. h3 Bc7 17. Nc5 Rh6 18. Rac1 Bh2+ 19. Kh1 Bd6 20. Rc3 a6 21. Ba4 b5 22. Bb3 Re8 23. Kg1 Rf6 24. Rf3 Rxf3 25. Qxf3 Nh2 26. Nxe6+ Rxe6 27. Qxd5 Nxf1 28. Kxf1 Qf4 29. Qxh5 Qxd2 30. Bxe6 Qd3+ 31. Qe2 Qb1+ 32. Qe1 Qxb2 33. Bb3 Qxd4 34. g3 Bxb4 35. Qd1 Qxd1+ 36. Bxd1 Ke7 37. Ke2 f5 38. Bc2 Kf6 39. f4 Bd6 40. Kf3 g6 41. Bd3 Bc5 42. g4 fxg4+ 43. hxg4 Bd6 44. Ke4 Bc7 45. f5 gxf5+ 46. gxf5 Bd6 47. Kd5 Bf8 48. Kc6 b4 1/2-1/2